000 00355nam a2200133 a 4500
008 970303s1963||||xx 0 und c
040 _aSNK
_bslo
_cSNK
_eAACR2
100 1 _aMňačko, Ladislav
245 1 0 _aSmrť sa volá Engelchen
260 _aBratislava
_bVydavateľstvo politickej literatúry
_c1963
020 _c13
041 _aslo
044 _axo
_cSK
999 _c12337
_d12337